| 000 | 01052nam0a22002291 4500 | ||
|---|---|---|---|
| 001 | rc\2855435 | ||
| 005 | 20250529205339.0 | ||
| 035 | _a(NLR Aleph) 007010081 | ||
| 090 |
_a5805694 _c5805694 |
||
| 100 | _a20110707d1931 |||y0rusy50 ca | ||
| 101 | 0 | _arus | |
| 102 | _aRU | ||
| 105 | _ay z ||||| | ||
| 200 | 1 |
_aПравила для предприятий и учреждений гор. Ставрополя и Ставропольского района, по выдаче пособий застрахованным и пенсий и пособий пенсионерам, работающим по найму _fСтавр. район.-гор. касса соцстраха |
|
| 210 |
_aСтаврополь-Кавказский _cБ. и. _d1931 _gтип. "Пролетарий" |
||
| 215 |
_a19 с. _d21х15 см |
||
| 710 | 0 | 2 | _aСтавропольская районная касса социального страхования |
| 801 | 0 |
_aRU _bNLR _gpsbo |
|
| 801 | 1 |
_aRU _bELAR _2rusmarc |
|
| 852 |
_aNLR _j31-10/3966 |
||
| 942 | _cBOOK | ||
| 980 | _aNB | ||